Critical studies in Indian writing in English (Record no. 6897)

MARC details
000 -LEADER
fixed length control field 00766 a2200205 4500
005 - DATE AND TIME OF LATEST TRANSACTION
control field 20080911164628.0
008 - FIXED-LENGTH DATA ELEMENTS--GENERAL INFORMATION
fixed length control field 080911t xxu||||| |||| 00| 0 eng d
010 ## - LIBRARY OF CONGRESS CONTROL NUMBER
LC control number ENG-87736
020 ## - INTERNATIONAL STANDARD BOOK NUMBER
International Standard Book Number 8179771210
Terms of availability 75.00
035 ## - SYSTEM CONTROL NUMBER
System control number EN-71269
037 ## - SOURCE OF ACQUISITION
Source of stock number/acquisition DBAD / PUB
082 ## - DEWEY DECIMAL CLASSIFICATION NUMBER
Classification number 883.08
100 ## - MAIN ENTRY--PERSONAL NAME
Personal name Gupta, Ramesh Kumar
245 ## - TITLE STATEMENT
Title Critical studies in Indian writing in English
Statement of responsibility, etc by Ramesh Kumar Gupta
260 ## - PUBLICATION, DISTRIBUTION, ETC. (IMPRINT)
Place of publication, distribution, etc Bareilly
Name of publisher, distributor, etc Prakash Book Depot
Date of publication, distribution, etc 2005
270 ## - ADDRESS
Address Bara Bazar
City Bareilly
Postal code 243 003
300 ## - PHYSICAL DESCRIPTION
Extent iv, 150 p.
Dimensions 21 cm ( pbk.)
942 ## - ADDED ENTRY ELEMENTS (KOHA)
Institution code [OBSOLETE] dpl
Koha item type English Books
Call number prefix 883.08/GUP
Source of classification or shelving scheme Dewey Decimal Classification
Classification part 883.08
Call number suffix GUP
Holdings
Withdrawn status Lost status Damaged status Not for loan Collection code Home library Current library Date acquired Cost, normal purchase price Total Checkouts Full call number Barcode Date last seen Copy number Uniform Resource Identifier Cost, replacement price Price effective from Koha item type
      Not For Loan Non-fiction D.B.Act.Division D.B.Act.Division 11/09/2008 75.00   883.08 GUP EN-71269 15/09/2008 1 7403 75.00 15/09/2008 English Books

© Delhi Public Library
Hit Counter
free hit counter